[Event "17. Obert Int. Sant Marti 2015 - B"]
[Site "Barcelona ESP"]
[Date "2015.07.20"]
[Round "8.10"]
[White "De La Fuente  Clemente, Constantino"]
[Black "Vargas Drechsler, Carlos"]
[Result "0-1"]
[WhiteElo "2043"]
[BlackElo "1973"]
[PlyCount "110"]
[EventDate "2015.07.13"]
[EventType "swiss"]
[EventRounds "9"]
[EventCountry "ESP"]
[SourceTitle "Ajedrez en Madrid"]
[Source "lmi"]
[SourceDate "2015.07.13"]
[SourceVersion "1"]
[SourceVersionDate "2019.06.21"]
[SourceQuality "1"]

1. e4 c6 2. d4 d5 3. e5 Bf5 4. Nf3 e6 5. Bd3 Bxd3 6. Qxd3 Qa5+ 7. Nbd2 Qa6 8.
Qe3 Nd7 9. Ng5 c5 10. Qf4 Nh6 11. c4 dxc4 12. O-O cxd4 13. Qxd4 Rc8 14. Nde4
Nf5 15. Qc3 h6 16. Nf3 Nc5 17. Ned2 Nd3 18. Ne4 Bb4 19. Qc2 Qc6 20. Qe2 Nc5 21.
g4 Qxe4 22. Qxe4 Nxe4 23. gxf5 exf5 24. Nd4 Rc5 25. a3 Ba5 26. f3 Nd2 27. Bxd2
Bxd2 28. Nxf5 Rxe5 29. Nd6+ Ke7 30. Nxc4 Re2 31. b4 Rd8 32. Rf2 Rxf2 33. Kxf2
Bf4 34. Re1+ Kf6 35. Kg2 b5 36. Re4 g5 37. Ne3 Rd2+ 38. Kg1 Bxh2+ 39. Kh1 h5
40. Nf1 Rd1 41. Kxh2 Rxf1 42. Kg2 Ra1 43. Re3 a6 44. Rc3 Kg7 45. Rc5 f6 46.
Rc7+ Kg6 47. Rc3 g4 48. fxg4 hxg4 49. Kg3 Kg5 50. Rc5+ f5 51. Rc3 f4+ 52. Kg2
Ra2+ 53. Kf1 f3 54. Rd3 Kf4 55. Kg1 Kg3 0-1

[Event "17. Obert Int. Sant Marti 2015 - B"]
[Site "Barcelona ESP"]
[Date "2015.07.20"]
[Round "8.11"]
[White "Molina Hernandez, Albert"]
[Black "Cespedes Llaverias, Llibert"]
[Result "0-1"]
[WhiteElo "2033"]
[BlackElo "1940"]
[PlyCount "104"]
[EventDate "2015.07.13"]
[EventType "swiss"]
[EventRounds "9"]
[EventCountry "ESP"]
[SourceTitle "Ajedrez en Madrid"]
[Source "lmi"]
[SourceDate "2015.07.13"]
[SourceVersion "1"]
[SourceVersionDate "2019.06.21"]
[SourceQuality "1"]

1. d4 Nf6 2. Nf3 e6 3. c4 Bb4+ 4. Bd2 a5 5. Nc3 b6 6. g3 Bb7 7. Bg2 O-O 8. O-O
d6 9. Qc2 Nbd7 10. Rfe1 Re8 11. e4 e5 12. d5 Nc5 13. a3 Bxc3 14. Bxc3 a4 15.
Nh4 g6 16. Bd2 Nb3 17. Rad1 Nxd2 18. Qxd2 Bc8 19. h3 Kg7 20. Kh2 Nd7 21. Rf1
Nc5 22. Qe3 Bd7 23. Nf3 Rb8 24. Nd2 b5 25. f4 bxc4 26. f5 f6 27. fxg6 hxg6 28.
Qc3 Rh8 29. Rf3 Bg4 30. Rdf1 Bxf3 31. Bxf3 Qd7 32. Bg2 Rh6 33. Qf3 Qe7 34. Nxc4
Rb3 35. Qg4 Nd3 36. Rf3 Nc5 37. Rf2 Rd3 38. Na5 Re3 39. Nc4 Re1 40. Nd2 Nd3 41.
Re2 Rxe2 42. Qxe2 Nc5 43. Nb1 Rh8 44. Nc3 Rb8 45. Nb5 Qd7 46. Bf1 c6 47. dxc6
Qxc6 48. Nc3 Qb7 49. b4 axb3 50. Bg2 Qa6 51. Qd2 b2 52. Nb1 Qd3 0-1

[Event "17. Obert Int. Sant Marti 2015 - B"]
[Site "Barcelona ESP"]
[Date "2015.07.20"]
[Round "8.12"]
[White "Torres Julian, Marc"]
[Black "Garcia Clemente, Julian Francisco"]
[Result "1-0"]
[WhiteElo "1976"]
[BlackElo "2031"]
[PlyCount "39"]
[EventDate "2015.07.13"]
[EventType "swiss"]
[EventRounds "9"]
[EventCountry "ESP"]
[SourceTitle "Ajedrez en Madrid"]
[Source "lmi"]
[SourceDate "2015.07.13"]
[SourceVersion "1"]
[SourceVersionDate "2019.06.21"]
[SourceQuality "1"]

1. e4 c5 2. Nf3 Nc6 3. d4 cxd4 4. Nxd4 g6 5. Nc3 Bg7 6. Be3 Nf6 7. Bc4 O-O 8.
Bb3 a5 9. a4 Ng4 10. Qxg4 Nxd4 11. Qd1 Nxb3 12. cxb3 Ra6 13. O-O Rc6 14. Rc1 d6
15. Nd5 Be6 16. Rxc6 bxc6 17. Bb6 Qd7 18. Nf4 Rb8 19. Nxe6 Rxb6 20. Nxg7 1-0

[Event "17. Obert Int. Sant Marti 2015 - B"]
[Site "Barcelona ESP"]
[Date "2015.07.20"]
[Round "8.13"]
[White "Brunet Gil, Pol"]
[Black "Carrey Abellan, Enric"]
[Result "1/2-1/2"]
[WhiteElo "1967"]
[BlackElo "2022"]
[PlyCount "47"]
[EventDate "2015.07.13"]
[EventType "swiss"]
[EventRounds "9"]
[EventCountry "ESP"]
[SourceTitle "Ajedrez en Madrid"]
[Source "lmi"]
[SourceDate "2015.07.13"]
[SourceVersion "1"]
[SourceVersionDate "2019.06.21"]
[SourceQuality "1"]

1. e4 c5 2. Nf3 e6 3. d4 cxd4 4. Nxd4 a6 5. c4 Nf6 6. Nc3 Qc7 7. a3 b6 8. Be2
Bb7 9. f3 Be7 10. Be3 d6 11. O-O O-O 12. Qd2 Nbd7 13. Rac1 Rac8 14. Rfd1 Qb8
15. Nc2 Rfd8 16. Kh1 Nc5 17. Nd4 Ncd7 18. Re1 Qa8 19. Qd1 d5 20. cxd5 exd5 21.
exd5 Nxd5 22. Nxd5 Bxd5 23. Qd2 Nc5 24. Rc3 1/2-1/2

[Event "17. Obert Int. Sant Marti 2015 - B"]
[Site "Barcelona ESP"]
[Date "2015.07.20"]
[Round "8.14"]
[White "Martinez Hernandez, Emili"]
[Black "Caro Martinez, Ramon"]
[Result "1-0"]
[WhiteElo "2018"]
[BlackElo "1969"]
[PlyCount "62"]
[EventDate "2015.07.13"]
[EventType "swiss"]
[EventRounds "9"]
[EventCountry "ESP"]
[SourceTitle "Ajedrez en Madrid"]
[Source "lmi"]
[SourceDate "2015.07.13"]
[SourceVersion "1"]
[SourceVersionDate "2019.06.21"]
[SourceQuality "1"]

1. Nf3 g6 2. g3 Bg7 3. Bg2 d5 4. d4 Nf6 5. O-O O-O 6. c3 a5 7. b3 Na6 8. Bb2
Bf5 9. Nbd2 Qc8 10. Re1 c5 11. Rc1 b5 12. dxc5 Qxc5 13. Nd4 Be4 14. Nxe4 Nxe4
15. Qc2 e5 16. Bxe4 exd4 17. cxd4 Qd6 18. Bg2 Bh6 19. f4 Rac8 20. Qb1 Bg7 21.
a3 Nc7 22. Rc5 Qe6 23. Qd3 Rfd8 24. Rec1 Qd7 25. Qc2 Qe6 26. Kf2 Rd7 27. Rc6
Qe7 28. Qc5 Qd8 29. Qb6 a4 30. bxa4 bxa4 31. Qa5 Rb8 1-0

[Event "17. Obert Int. Sant Marti 2015 - B"]
[Site "Barcelona ESP"]
[Date "2015.07.20"]
[Round "8.15"]
[White "Gonzalez Jurado, Jesus"]
[Black "Vicente Soriano, Josep"]
[Result "1-0"]
[WhiteElo "1966"]
[BlackElo "2006"]
[PlyCount "67"]
[EventDate "2015.07.13"]
[EventType "swiss"]
[EventRounds "9"]
[EventCountry "ESP"]
[SourceTitle "Ajedrez en Madrid"]
[Source "lmi"]
[SourceDate "2015.07.13"]
[SourceVersion "1"]
[SourceVersionDate "2019.06.21"]
[SourceQuality "1"]

1. c4 Nf6 2. Nc3 g6 3. g3 Bg7 4. Bg2 e5 5. e4 d6 6. d3 Nc6 7. Nge2 O-O 8. O-O
Be6 9. Bg5 h6 10. Be3 Kh7 11. h3 Qc8 12. Kh2 Ne7 13. Qd2 c6 14. f4 Qd7 15. g4
Bxg4 16. hxg4 Nxg4+ 17. Kg1 Nxe3 18. Qxe3 exf4 19. Nxf4 c5 20. Qh3 Qc8 21. Qxc8
Raxc8 22. Rab1 Rcd8 23. Ncd5 Bd4+ 24. Kh1 Nc6 25. a3 Kg7 26. Bh3 Rfe8 27. Ne2
Be5 28. Rf3 Rf8 29. b3 b6 30. Rbf1 Nd4 31. Nxd4 Bxd4 32. Nc7 Be5 33. Be6 d5 34.
Rxf7+ 1-0

[Event "17. Obert Int. Sant Marti 2015 - B"]
[Site "Barcelona ESP"]
[Date "2015.07.20"]
[Round "8.16"]
[White "Subirana Santos, Marc"]
[Black "Collell Rodriguez, Victor"]
[Result "1/2-1/2"]
[WhiteElo "1949"]
[BlackElo "1987"]
[PlyCount "126"]
[EventDate "2015.07.13"]
[EventType "swiss"]
[EventRounds "9"]
[EventCountry "ESP"]
[SourceTitle "Ajedrez en Madrid"]
[Source "lmi"]
[SourceDate "2015.07.13"]
[SourceVersion "1"]
[SourceVersionDate "2019.06.21"]
[SourceQuality "1"]

1. Nf3 c5 2. c4 Nc6 3. Nc3 g6 4. g3 Bg7 5. Bg2 d6 6. O-O e6 7. d3 Nge7 8. e4
O-O 9. a3 Nd4 10. Nxd4 Bxd4 11. Bh6 Re8 12. Rb1 Nc6 13. Kh1 Qd7 14. Ne2 Bh8 15.
b4 Nd4 16. Nxd4 Bxd4 17. Be3 b6 18. Bxd4 cxd4 19. b5 Bb7 20. f3 d5 21. cxd5
exd5 22. Qb3 Rac8 23. Rbc1 Rxc1 24. Rxc1 Rc8 25. Rxc8+ Qxc8 26. Qb1 Qc3 27. a4
dxe4 28. fxe4 Bc8 29. h3 Be6 30. Qf1 Bb3 31. e5 Qc7 32. Qf4 Qd8 33. Bc6 Bxa4
34. Kg2 Bb3 35. Qe4 Be6 36. h4 Bd7 37. Kf2 Bf5 38. Qe2 Qe7 39. Kf3 Qe6 40. Kf4
f6 41. g4 Qxe5+ 42. Qxe5 fxe5+ 43. Kxe5 Bxd3 44. Kxd4 Be2 45. g5 Bg4 46. Ke5
Be2 47. Kd6 a5 48. Bd5+ Kf8 49. Kc6 a4 50. Kxb6 a3 51. Kc6 Bf3 52. b6 Bxd5+ 53.
Kxd5 a2 54. b7 a1=Q 55. b8=Q+ Ke7 56. Qd6+ Ke8 57. Qe6+ Kf8 58. Qc8+ Ke7 59.
Qc7+ Ke8 60. Qxh7 Qa2+ 61. Ke5 Qb2+ 62. Ke6 Qb6+ 63. Kd5 Qb5+ 1/2-1/2

[Event "17. Obert Int. Sant Marti 2015 - B"]
[Site "Barcelona ESP"]
[Date "2015.07.20"]
[Round "8.17"]
[White "Catala Ulied, Bernat"]
[Black "Raisin, Maxime"]
[Result "1-0"]
[WhiteElo "1977"]
[BlackElo "1777"]
[PlyCount "59"]
[EventDate "2015.07.13"]
[EventType "swiss"]
[EventRounds "9"]
[EventCountry "ESP"]
[SourceTitle "Ajedrez en Madrid"]
[Source "lmi"]
[SourceDate "2015.07.13"]
[SourceVersion "1"]
[SourceVersionDate "2019.06.21"]
[SourceQuality "1"]

1. c4 Nf6 2. g3 g6 3. Bg2 Bg7 4. Nc3 d6 5. d4 O-O 6. Nf3 Nc6 7. d5 Na5 8. Qd3
b6 9. b4 Nb7 10. Bb2 a5 11. a3 e5 12. dxe6 fxe6 13. Nd4 d5 14. cxd5 Nxd5 15.
Nxd5 exd5 16. Nc6 Qd7 17. Qxd5+ Qf7 18. Ne7+ Kh8 19. Qxf7 Rxf7 20. Bxg7+ Kxg7
21. Nxc8 Rxc8 22. Bxb7 Rd8 23. bxa5 bxa5 24. e3 c5 25. Ba6 Ra7 26. Bb5 Rb7 27.
a4 Rc7 28. Rc1 Rdc8 29. Ke2 c4 30. Rc3 1-0

[Event "17. Obert Int. Sant Marti 2015 - B"]
[Site "Barcelona ESP"]
[Date "2015.07.20"]
[Round "8.18"]
[White "Llopis Jordan, Lluis"]
[Black "Poyato Ruiz, Fernando"]
[Result "0-1"]
[WhiteElo "1936"]
[BlackElo "2024"]
[PlyCount "112"]
[EventDate "2015.07.13"]
[EventType "swiss"]
[EventRounds "9"]
[EventCountry "ESP"]
[SourceTitle "Ajedrez en Madrid"]
[Source "lmi"]
[SourceDate "2015.07.13"]
[SourceVersion "1"]
[SourceVersionDate "2019.06.21"]
[SourceQuality "1"]

1. d4 Nf6 2. c4 e6 3. Nc3 Bb4 4. Qc2 d5 5. e3 c6 6. Bd3 dxc4 7. Bxc4 Nbd7 8.
Nge2 Nb6 9. Bb3 O-O 10. O-O Nbd5 11. a3 Ba5 12. Bd2 Re8 13. Rad1 Bc7 14. e4
Nxc3 15. Bxc3 Bd7 16. f4 Ba5 17. Qd3 Bxc3 18. Nxc3 Qa5 19. Bc2 g6 20. e5 Nd5
21. Ne4 Kg7 22. Qh3 Rac8 23. Qh4 Red8 24. Rd3 c5 25. Nf6 cxd4 26. Qxh7+ Kf8 27.
Nxd7+ Ke7 28. b4 Qb5 29. Nc5 Rh8 30. Ba4 Qxd3 31. Qxh8 Qxf1+ 32. Kxf1 Rxh8 33.
Nxb7 Nxf4 34. h3 Rc8 35. Na5 d3 36. Nc6+ Kf8 37. Ke1 Nxg2+ 38. Kd2 Nf4 39. Bb5
Rc7 40. Ba4 g5 41. b5 Kg7 42. Bb3 Rd7 43. a4 Nxh3 44. a5 Nf4 45. Bc4 g4 46.
Nxa7 Rxa7 47. b6 Rb7 48. a6 Rxb6 49. a7 Rb2+ 50. Kc1 d2+ 51. Kxb2 d1=Q 52. a8=Q
Qd4+ 53. Kb3 Qxe5 54. Qh1 g3 55. Kc2 g2 56. Qg1 Qe4+ 0-1

[Event "17. Obert Int. Sant Marti 2015 - B"]
[Site "Barcelona ESP"]
[Date "2015.07.20"]
[Round "8.19"]
[White "Salazar Navas, Josep"]
[Black "Padilla Carmona, Francesc"]
[Result "0-1"]
[WhiteElo "2024"]
[BlackElo "1937"]
[PlyCount "134"]
[EventDate "2015.07.13"]
[EventType "swiss"]
[EventRounds "9"]
[EventCountry "ESP"]
[SourceTitle "Ajedrez en Madrid"]
[Source "lmi"]
[SourceDate "2015.07.13"]
[SourceVersion "1"]
[SourceVersionDate "2019.06.21"]
[SourceQuality "1"]

1. e4 e5 2. d4 exd4 3. Nf3 Nc6 4. c3 d5 5. exd5 Qxd5 6. cxd4 Nf6 7. Nc3 Bb4 8.
Be2 Ne4 9. Bd2 Bxc3 10. bxc3 Nxd2 11. Qxd2 O-O 12. O-O Bg4 13. Rab1 b6 14. h3
Bxf3 15. Bxf3 Qd7 16. Qf4 Rad8 17. Rfe1 Ne7 18. Bg4 Ng6 19. Qd2 Qd6 20. Re3 Ne5
21. Be2 c5 22. Rd1 cxd4 23. cxd4 Ng6 24. Bb5 Nf4 25. Re4 Ne6 26. d5 Nc5 27. Rg4
f5 28. Rd4 Ne4 29. Qe3 Rf6 30. Rc1 Nc5 31. Bc6 f4 32. Qf3 Rdf8 33. Re1 h6 34.
Qh5 Rf5 35. Qf3 Qf6 36. Rd2 Re5 37. Rxe5 Qxe5 38. Re2 Qd6 39. Re1 Kh7 40. Qe2
f3 41. Qc2+ g6 42. g3 Rf7 43. Qc3 Kg8 44. Re3 Rf8 45. Rxf3 Rxf3 46. Qxf3 Qe5
47. Qe3 Qxe3 48. fxe3 Ne4 49. Kg2 Kf7 50. Kf3 Nd6 51. Kf4 Kf6 52. h4 g5+ 53.
hxg5+ hxg5+ 54. Kg4 b5 55. a3 a5 56. Kf3 Ke5 57. Kg4 Kf6 58. e4 b4 59. axb4
axb4 60. e5+ Kxe5 61. Kxg5 Ne4+ 62. Kh4 Nc5 63. g4 b3 64. Be8 b2 65. Bg6 Ne4
66. d6 b1=Q 67. Bxe4 Qxe4 0-1

[Event "17. Obert Int. Sant Marti 2015 - B"]
[Site "Barcelona ESP"]
[Date "2015.07.20"]
[Round "8.21"]
[White "Muratet Carmona, Julia"]
[Black "Maynat Diaz, Jose Antonio"]
[Result "1-0"]
[WhiteElo "1942"]
[BlackElo "2003"]
[PlyCount "31"]
[EventDate "2015.07.13"]
[EventType "swiss"]
[EventRounds "9"]
[EventCountry "ESP"]
[SourceTitle "Ajedrez en Madrid"]
[Source "lmi"]
[SourceDate "2015.07.13"]
[SourceVersion "1"]
[SourceVersionDate "2019.06.21"]
[SourceQuality "1"]

1. e4 c5 2. Nf3 Nc6 3. d4 cxd4 4. Nxd4 e5 5. Nb5 a6 6. Nd6+ Bxd6 7. Qxd6 Qf6 8.
Qa3 Qg6 9. Be3 Nf6 10. Nc3 Rb8 11. Bb6 Nd4 12. O-O-O Nxe4 13. Nd5 Qg5+ 14. Kb1
Nb5 15. Bxb5 axb5 16. Nc7+ 1-0

[Event "17. Obert Int. Sant Marti 2015 - B"]
[Site "Barcelona ESP"]
[Date "2015.07.20"]
[Round "8.22"]
[White "Pascual Gonzalez-Novelles, Carles"]
[Black "Perez Cuadrado, Eduardo"]
[Result "0-1"]
[WhiteElo "1931"]
[BlackElo "1960"]
[PlyCount "76"]
[EventDate "2015.07.13"]
[EventType "swiss"]
[EventRounds "9"]
[EventCountry "ESP"]
[SourceTitle "Ajedrez en Madrid"]
[Source "lmi"]
[SourceDate "2015.07.13"]
[SourceVersion "1"]
[SourceVersionDate "2019.06.21"]
[SourceQuality "1"]

1. e4 e5 2. Nf3 Nc6 3. Bc4 Nf6 4. d3 Bc5 5. O-O h6 6. c3 d6 7. h3 O-O 8. b4 Bb6
9. Be3 Re8 10. Qb3 Be6 11. Bxe6 Rxe6 12. Nbd2 Nh5 13. a4 Bxe3 14. fxe3 Ng3 15.
Rf2 Qe7 16. Nf1 Rg6 17. Nxg3 Rxg3 18. a5 Rf8 19. b5 Nd8 20. b6 cxb6 21. axb6 a6
22. Qd5 Ne6 23. Kh2 Rg6 24. d4 exd4 25. cxd4 Rc8 26. Qf5 Rf6 27. Qg4 Rc3 28.
Qh4 g5 29. Qg4 Rg6 30. e5 d5 31. e4 Nf4 32. exd5 Nxd5 33. Rb1 Rxb6 34. Rxb6
Nxb6 35. h4 Rc6 36. hxg5 Rg6 37. Qf4 hxg5 38. Qe4 Qd7 0-1

[Event "17. Obert Int. Sant Marti 2015 - B"]
[Site "Barcelona ESP"]
[Date "2015.07.20"]
[Round "8.23"]
[White "Poyato Duran, David"]
[Black "Llige Porta, Joan"]
[Result "1-0"]
[WhiteElo "1931"]
[BlackElo "1959"]
[PlyCount "67"]
[EventDate "2015.07.13"]
[EventType "swiss"]
[EventRounds "9"]
[EventCountry "ESP"]
[SourceTitle "Ajedrez en Madrid"]
[Source "lmi"]
[SourceDate "2015.07.13"]
[SourceVersion "1"]
[SourceVersionDate "2019.06.21"]
[SourceQuality "1"]

1. d4 d5 2. c4 c6 3. Nc3 Nf6 4. Nf3 Bf5 5. Bg5 Nbd7 6. e3 h6 7. Bh4 e6 8. Bd3
Bg4 9. h3 Bh5 10. g4 Bg6 11. Bxg6 fxg6 12. g5 hxg5 13. Bxg5 Be7 14. Qc2 Kf7 15.
O-O-O Nh7 16. Bxe7 Qxe7 17. Rdg1 Qf6 18. Rg3 Nhf8 19. Rhg1 Rh6 20. Ne2 Qf5 21.
Qxf5+ exf5 22. cxd5 cxd5 23. Nf4 Nb6 24. Ne5+ Kf6 25. Nfxg6 Ne6 26. Nf3 Rg8 27.
Nge5 g5 28. Nd2 f4 29. exf4 Nxf4 30. Ng4+ Kg7 31. Nxh6 Re8 32. Nf5+ Kf6 33. Ne3
Ne2+ 34. Kd1 1-0

[Event "17. Obert Int. Sant Marti 2015 - B"]
[Site "Barcelona ESP"]
[Date "2015.07.20"]
[Round "8.24"]
[White "Pera Muntasell, Marc"]
[Black "Ferres Saez, Joan"]
[Result "0-1"]
[WhiteElo "1958"]
[BlackElo "1901"]
[PlyCount "88"]
[EventDate "2015.07.13"]
[EventType "swiss"]
[EventRounds "9"]
[EventCountry "ESP"]
[SourceTitle "Ajedrez en Madrid"]
[Source "lmi"]
[SourceDate "2015.07.13"]
[SourceVersion "1"]
[SourceVersionDate "2019.06.21"]
[SourceQuality "1"]

1. e4 c5 2. Nf3 g6 3. d4 cxd4 4. Nxd4 Nc6 5. Nc3 Bg7 6. Be3 Nf6 7. Bc4 O-O 8.
f3 Qb6 9. Bb3 Nxe4 10. fxe4 Bxd4 11. Bxd4 Qxd4 12. Qxd4 Nxd4 13. O-O-O Nxb3+
14. axb3 Rd8 15. Rd2 d6 16. e5 Be6 17. Rhd1 Bg4 18. Re1 dxe5 19. Nd5 Be6 20.
Rxe5 Bxd5 21. Rexd5 Rxd5 22. Rxd5 Kf8 23. Rd7 Rb8 24. h3 h5 25. Kd2 Ke8 26. Rc7
Kd8 27. Rc4 e6 28. Rf4 Ke7 29. Rc4 Rd8+ 30. Ke2 f5 31. Rc7+ Rd7 32. Rc4 e5 33.
Rc8 Kf6 34. Rf8+ Kg5 35. Rg8 h4 36. c3 a5 37. Rb8 e4 38. Re8 Rd6 39. Re5 b6 40.
Re8 Kf4 41. Rh8 Kg3 42. Rh6 f4 43. Ke1 f3 44. gxf3 exf3 0-1

[Event "17. Obert Int. Sant Marti 2015 - B"]
[Site "Barcelona ESP"]
[Date "2015.07.20"]
[Round "8.25"]
[White "Ferre Navarro, Joan"]
[Black "Roche Peris, Eduard"]
[Result "1-0"]
[WhiteElo "1912"]
[BlackElo "1958"]
[PlyCount "71"]
[EventDate "2015.07.13"]
[EventType "swiss"]
[EventRounds "9"]
[EventCountry "ESP"]
[SourceTitle "Ajedrez en Madrid"]
[Source "lmi"]
[SourceDate "2015.07.13"]
[SourceVersion "1"]
[SourceVersionDate "2019.06.21"]
[SourceQuality "1"]

1. d4 Nf6 2. Nf3 e6 3. e3 d5 4. Bd3 c5 5. c3 Nc6 6. O-O Be7 7. Nbd2 O-O 8. dxc5
Bxc5 9. e4 e5 10. h3 h6 11. Qe2 Re8 12. exd5 Nxd5 13. Ne4 Bb6 14. Bc2 Be6 15.
Rd1 Qe7 16. Ba4 Red8 17. Bc2 Nf4 18. Rxd8+ Rxd8 19. Bxf4 exf4 20. b3 Bxh3 21.
gxh3 f5 22. Qc4+ Kh8 23. Ned2 Rxd2 24. Nxd2 Qg5+ 25. Kf1 Qh4 26. Qe2 Qxh3+ 27.
Ke1 g6 28. Qf3 Qh2 29. Nf1 Qh4 30. Rd1 Ne5 31. Qg2 Qe7 32. Nh2 Bxf2+ 33. Kxf2
Qc5+ 34. Kf1 Qxc3 35. Bxf5 g5 36. Rd8+ 1-0

[Event "17. Obert Int. Sant Marti 2015 - B"]
[Site "Barcelona ESP"]
[Date "2015.07.20"]
[Round "8.26"]
[White "Serra Vilaro, Agusti"]
[Black "Torralba Brosa, Marc"]
[Result "0-1"]
[WhiteElo "1953"]
[BlackElo "1900"]
[PlyCount "80"]
[EventDate "2015.07.13"]
[EventType "swiss"]
[EventRounds "9"]
[EventCountry "ESP"]
[SourceTitle "Ajedrez en Madrid"]
[Source "lmi"]
[SourceDate "2015.07.13"]
[SourceVersion "1"]
[SourceVersionDate "2019.06.21"]
[SourceQuality "1"]

1. d4 Nf6 2. c3 g6 3. Nd2 Bg7 4. e4 d6 5. f4 e5 6. fxe5 dxe5 7. d5 O-O 8. Ngf3
c6 9. c4 cxd5 10. cxd5 Ng4 11. Qb3 Qc7 12. h3 Nf6 13. Be2 Nbd7 14. O-O Nc5 15.
Qc2 Qb6 16. Nc4 Qd8 17. Bd3 Nh5 18. Bg5 f6 19. Be3 Nxd3 20. Qxd3 Nf4 21. Qb3
Ne2+ 22. Kh2 f5 23. Ncxe5 Qd6 24. Bf4 Nxf4 25. Nc4 Qd8 26. e5 Nxd5 27. Rfe1 Be6
28. Rad1 Qe7 29. Nd4 Kh8 30. Nxe6 Qxe6 31. Qxb7 Nf4 32. Rd7 Nh5 33. b3 f4 34.
Red1 f3 35. gxf3 Nf4 36. R1d2 Qxh3+ 37. Kg1 Qg3+ 38. Kh1 Nh5 39. R2d3 Qe1+ 40.
Kh2 Qf2+ 0-1

[Event "17. Obert Int. Sant Marti 2015 - B"]
[Site "Barcelona ESP"]
[Date "2015.07.20"]
[Round "8.27"]
[White "Bernat Pascual, Magí"]
[Black "Ayza Casamitjana, Antoni"]
[Result "1/2-1/2"]
[WhiteElo "1850"]
[BlackElo "1945"]
[PlyCount "49"]
[EventDate "2015.07.13"]
[EventType "swiss"]
[EventRounds "9"]
[EventCountry "ESP"]
[SourceTitle "Ajedrez en Madrid"]
[Source "lmi"]
[SourceDate "2015.07.13"]
[SourceVersion "1"]
[SourceVersionDate "2019.06.21"]
[SourceQuality "1"]

1. d4 Nf6 2. c4 e5 3. dxe5 Ng4 4. Nf3 Nc6 5. Bf4 Bb4+ 6. Nbd2 Qe7 7. e3 Ngxe5
8. Bxe5 Nxe5 9. Be2 O-O 10. a3 Bxd2+ 11. Qxd2 d6 12. O-O Bd7 13. c5 Nxf3+ 14.
Bxf3 Bb5 15. cxd6 cxd6 16. Rfd1 Rfd8 17. Rac1 Ba4 18. Re1 Rac8 19. Rc3 Bc6 20.
Rec1 Qd7 21. Qc2 d5 22. h3 g6 23. b3 a6 24. a4 Qe6 25. Qd2 1/2-1/2

[Event "17. Obert Int. Sant Marti 2015 - B"]
[Site "Barcelona ESP"]
[Date "2015.07.20"]
[Round "8.28"]
[White "Minko, Olga"]
[Black "Valbuena Castro, Gregorio"]
[Result "1-0"]
[WhiteElo "1559"]
[BlackElo "1944"]
[PlyCount "85"]
[EventDate "2015.07.13"]
[EventType "swiss"]
[EventRounds "9"]
[EventCountry "ESP"]
[SourceTitle "Ajedrez en Madrid"]
[Source "lmi"]
[SourceDate "2015.07.13"]
[SourceVersion "1"]
[SourceVersionDate "2019.06.21"]
[SourceQuality "1"]

1. e4 e5 2. Nf3 Nf6 3. Nc3 Bb4 4. Bc4 Nc6 5. O-O O-O 6. d3 Bxc3 7. bxc3 d5 8.
exd5 Nxd5 9. Bb2 Bg4 10. Qe2 Na5 11. Bxd5 Qxd5 12. c4 Bxf3 13. gxf3 Qd6 14.
Qxe5 Qxe5 15. Bxe5 Nc6 16. Bc3 Rfe8 17. Rfe1 Rad8 18. Rab1 b6 19. Kf1 h6 20. a4
Rxe1+ 21. Rxe1 a5 22. Kg2 Kf8 23. Be5 Nxe5 24. Rxe5 Rd6 25. Kf1 Rf6 26. Ke2 Re6
27. Rxe6 fxe6 28. Ke3 Ke7 29. Kd4 Kd6 30. c3 c6 31. c5+ bxc5+ 32. Ke4 g5 33. c4
h5 34. f4 g4 35. f5 e5 36. f3 gxf3 37. Kxf3 Ke7 38. Ke4 Kf6 39. h4 Ke7 40. Kxe5
Kf7 41. f6 Ke8 42. Ke6 Kf8 43. f7 1-0

[Event "17. Obert Int. Sant Marti 2015 - B"]
[Site "Barcelona ESP"]
[Date "2015.07.20"]
[Round "8.29"]
[White "Mañosas Vila, Ester"]
[Black "Aparici Dealbert, Manel"]
[Result "1/2-1/2"]
[WhiteElo "1895"]
[BlackElo "1988"]
[PlyCount "49"]
[EventDate "2015.07.13"]
[EventType "swiss"]
[EventRounds "9"]
[EventCountry "ESP"]
[SourceTitle "Ajedrez en Madrid"]
[Source "lmi"]
[SourceDate "2015.07.13"]
[SourceVersion "1"]
[SourceVersionDate "2019.06.21"]
[SourceQuality "1"]

1. e4 e6 2. d4 d5 3. exd5 exd5 4. c4 Nf6 5. Nc3 c6 6. Nf3 Be7 7. cxd5 Nxd5 8.
Bd3 Bg4 9. O-O Nf6 10. Re1 O-O 11. h3 Be6 12. Ng5 Bd5 13. Nxd5 cxd5 14. Bf4 h6
15. Nf3 Nc6 16. Rc1 Bd6 17. Be5 Re8 18. a3 Bxe5 19. dxe5 Nd7 20. Bb5 Ndxe5 21.
Nxe5 Rxe5 22. Bxc6 Rxe1+ 23. Qxe1 bxc6 24. Rxc6 Rc8 25. Rxc8 1/2-1/2

[Event "17. Obert Int. Sant Marti 2015 - B"]
[Site "Barcelona ESP"]
[Date "2015.07.20"]
[Round "8.30"]
[White "Sanchez Esteban, Emilio"]
[Black "Calbet Freixanet, Eduard"]
[Result "1-0"]
[WhiteElo "1947"]
[BlackElo "1890"]
[PlyCount "159"]
[EventDate "2015.07.13"]
[EventType "swiss"]
[EventRounds "9"]
[EventCountry "ESP"]
[SourceTitle "Ajedrez en Madrid"]
[Source "lmi"]
[SourceDate "2015.07.13"]
[SourceVersion "1"]
[SourceVersionDate "2019.06.21"]
[SourceQuality "1"]

1. d4 d5 2. Nf3 Nf6 3. c4 c5 4. e3 e6 5. Nc3 Nc6 6. b3 cxd4 7. Nxd4 Bb4 8. Bd2
Nxd4 9. exd4 dxc4 10. bxc4 O-O 11. Rb1 Qd6 12. Nb5 Bxd2+ 13. Qxd2 Qc6 14. f3 a6
15. Nc3 Rd8 16. Bd3 Qd6 17. Rd1 Kh8 18. Bc2 b6 19. O-O Bb7 20. Qe3 Qc6 21. Qe2
Rac8 22. Bb3 Rd6 23. Rd3 Rcd8 24. Rfd1 h6 25. Qe5 Ng4 26. Qf4 Nf6 27. R1d2 Qe8
28. Qe5 Qc6 29. Ne2 Nd7 30. Qf4 Nc5 31. Re3 Nxb3 32. axb3 b5 33. cxb5 Qxb5 34.
Qxf7 Bd5 35. Nf4 Bxb3 36. Re5 Qc6 37. Rde2 Rxd4 38. Ng6+ Kh7 39. h3 Rd1+ 40.
Kh2 Qd6 41. Nf4 Rf8 42. Qg6+ Kh8 43. Nh5 Qc7 44. h4 Rd5 45. Qxe6 Rd2 46. Qe7
Qxe7 47. Rxe7 Rxe2 48. Rxe2 Rf7 49. Rb2 Bc4 50. Ng3 Ra7 51. Rb4 Bd5 52. Ne2 a5
53. Ra4 Bc6 54. Ra3 a4 55. Nc3 Kg8 56. Kg3 Kf7 57. Kf4 Ke6 58. Ke3 Ra5 59. g3
Ke5 60. f4+ Kf5 61. Ne2 Kg4 62. Nd4 Bd7 63. Kf2 Rd5 64. Nf3 Bc6 65. Ne5+ Rxe5
66. fxe5 Kf5 67. Rc3 Bd7 68. Rc5 a3 69. Ra5 a2 70. Rxa2 Kxe5 71. Ra7 Bg4 72.
Rxg7 h5 73. Ke3 Kf6 74. Rg5 Ke6 75. Kf4 Kf6 76. Ke4 Ke7 77. Re5+ Kf6 78. Kf4
Kg6 79. Rg5+ Kf6 80. Rxg4 1-0